书目信息 |
| 题名: |
金字塔项,他们是状元
|
|
| 作者: | 王宇 编著 | |
| 分册: | ||
| 出版信息: | 北京 海潮出版社 2009.05 |
|
| 页数: | 316页 | |
| 开本: | 24cm | |
| 丛书名: | ||
| 单 册: | ||
| 中图分类: | K820.2 | |
| 科图分类: | ||
| 主题词: | 状元--生平事迹--中国--古代 | |
| 电子资源: | ||
| ISBN: | 978-7-80213-731-8 | |
| 000 | 00792nam0 2200205 450 | |
| 005 | 20100809103518.40 | |
| 010 | @a978-7-80213-731-8@dCNY32.80 | |
| 100 | @a20100515d2009 em y0chiy0110 ea | |
| 101 | 0 | @achi |
| 102 | @aCN@b110000 | |
| 105 | @ay z 000yc | |
| 200 | 1 | @a金字塔项,他们是状元@Ajin zi ta xiang, ta men shi zhuang yuan@f王宇编著 |
| 210 | @a北京@c海潮出版社@d2009.05 | |
| 215 | @a316页@d24cm | |
| 330 | @a本书主要内容包括:春风得意文状元,今朝题名众人夸、威名显赫武状元,一举夺魁锦添花、兄夺状元弟中魁,才如江海笔作刀、倚马挥毫书万言,一门父子两风流。中国古代科举制度有文武之分,站在金字塔项的文状元们在中国历史上影响深远。 | |
| 606 | 0 | @a状元@x生平事迹@y中国@z古代 |
| 690 | @aK820.2@v4 | |
| 701 | 0 | @a王宇@Awang yu@4编著 |
| 801 | 0 | @aCN@c20100515 |
| 905 | @dK820.2@eW449-2@f5 | |
| 金字塔项,他们是状元/王宇编著.-北京:海潮出版社,2009.05 |
| 316页;24cm |
| ISBN 978-7-80213-731-8:CNY32.80 |
| 本书主要内容包括:春风得意文状元,今朝题名众人夸、威名显赫武状元,一举夺魁锦添花、兄夺状元弟中魁,才如江海笔作刀、倚马挥毫书万言,一门父子两风流。中国古代科举制度有文武之分,站在金字塔项的文状元们在中国历史上影响深远。 |
| ● |
| 相关链接 |
|
|
|
正题名:金字塔项,他们是状元
索取号:K820.2/W449-2
 
预约/预借
| 序号 | 登录号 | 条形码 | 馆藏地/架位号 | 状态 | 备注 |
| 1 | 1021212 | 210212125 | 社科库309/309社科库 44排5列2层/ [索取号:K820.2/W449-2] | 在馆 | |
| 2 | 1021213 | 210212134 | 社科库309/309社科库 44排5列2层/ [索取号:K820.2/W449-2] | 在馆 | |
| 3 | 1021214 | 210212143 | 自科二线404/400A自科库 33排2列1层/ [索取号:K820.2/W449-2] | 在馆 | |
| 4 | 1021215 | 210212152 | 自科二线404/400A自科库 33排2列1层/ [索取号:K820.2/W449-2] | 在馆 | |
| 5 | 1021216 | 210212161 | 社科库309/309社科库 44排5列2层/ [索取号:K820.2/W449-2] | 在馆 |